|
|
|
|
| LEADER |
01958nam a2200445 a 4500 |
| 001 |
EBC668846 |
| 003 |
MiAaPQ |
| 005 |
20191030193400.0 |
| 006 |
m o d | |
| 007 |
cr cn||||||||| |
| 008 |
100624s2011 enkab sb 001 0 eng d |
| 010 |
|
|
|z 2010026565
|
| 020 |
|
|
|z 9780415584296 (hardback)
|
| 020 |
|
|
|z 9780415584296
|
| 020 |
|
|
|z 0415584299
|
| 020 |
|
|
|a 9780203834404 (electronic bk.)
|
| 020 |
|
|
|a 0203834402 (electronic bk.)
|
| 020 |
|
|
|a 9780203834404 (electronic bk.)
|
| 035 |
|
|
|a (MiAaPQ)EBC668846
|
| 035 |
|
|
|a (Au-PeEL)EBL668846
|
| 035 |
|
|
|a (CaPaEBR)ebr10462719
|
| 035 |
|
|
|a (CaONFJC)MIL310493
|
| 035 |
|
|
|a (OCoLC)714363465
|
| 040 |
|
|
|a MiAaPQ
|c MiAaPQ
|d MiAaPQ
|
| 050 |
|
4 |
|a S565.88
|b .T68 2011
|
| 082 |
0 |
4 |
|a 338.1
|2 22
|
| 245 |
0 |
0 |
|a Tourism and agriculture
|h [electronic resource] :
|b new geographies of consumption, production and rural restructuring /
|c edited by Rebecca Maria Torres and Janet Henshall Momsen.
|
| 260 |
|
|
|a Milton Park, Abingdon, Oxon ;
|a New York :
|b Routledge,
|c 2011.
|
| 300 |
|
|
|a xv, 223 p. :
|b ill., maps.
|
| 490 |
1 |
|
|a Contemporary geographies of leisure, tourism, and mobility
|
| 504 |
|
|
|a Includes bibliographical references and index.
|
| 505 |
0 |
|
|a pt. 1. Tourism, agriculture and rural restructuring -- pt. 2. Building tourism and agriculture linkages : challenges and potential -- pt. 3. New forms of tourism and agriculture production and consumption.
|
| 533 |
|
|
|a Electronic reproduction. Ann Arbor, MI : ProQuest, 2016. Available via World Wide Web. Access may be limited to ProQuest affiliated libraries.
|
| 650 |
|
0 |
|a Agritourism
|v Cross-cultural studies.
|
| 655 |
|
4 |
|a Electronic books.
|
| 700 |
1 |
|
|a Torres, Rebecca Maria.
|
| 700 |
1 |
|
|a Momsen, Janet Henshall.
|
| 710 |
2 |
|
|a ProQuest (Firm)
|
| 830 |
|
0 |
|a Contemporary geographies of leisure, tourism, and mobility.
|
| 856 |
4 |
0 |
|u https://ebookcentral.proquest.com/lib/matrademy/detail.action?docID=668846
|z Click to View
|